[Event "Muensterland Verbandsklasse-A 1213"]
[Site "Germany"]
[Date "2012.10.20"]
[Round "2.8"]
[White "Boeer, Walter"]
[Black "Hoffmann, Philipp"]
[Result "0-1"]
[WhiteElo "1662"]
[BlackElo "1745"]
[PlyCount "134"]
[EventDate "2012.09.15"]
[EventType "team-tourn"]
[EventRounds "9"]
[EventCountry "GER"]
[SourceTitle "EXT 2015"]
[Source "ChessBase"]
[SourceDate "2014.11.20"]
[SourceVersion "1"]
[SourceVersionDate "2014.11.20"]
[SourceQuality "1"]
[WhiteTeam "Metelen"]
[BlackTeam "Nienberge II"]
[WhiteTeamCountry "GER"]
[BlackTeamCountry "GER"]

1. e4 c5 2. Bc4 Nc6 3. Nf3 d6 4. d4 cxd4 5. Nxd4 e5 6. Nb3 Be6 7. Bxe6 fxe6 8. Qg4 Qd7 9. 0-0 Nf6 10. Qe2 Be7 11. Nc3 0-0 12. Bg5 d5 13. Bxf6 Rxf6 14. exd5 exd5 15. Qb5 Rd8 16. Rad1 d4 17. Ne4 Rg6 18. Ng3 a6 19. Qc4+ Kh8 20. a3 Rc8 21. Qd3 Qd5 22. Qe4 Qxe4 23. Nxe4 Nd8 24. Rc1 Ne6 25. Rfe1 Nf4 26. Ng3 Bd6 27. Kf1 h5 28. Ne4 Be7 29. g3 Nd5 30. h4 Rf8 31. Ke2 Rc6 32. Na5 Rc7 33. Rf1 b6 34. Nb3 a5 35. Nbd2 Rfc8 36. Kd3 Bxh4 37. Nd6 Rd8 38. Nb5 Rc5 39. Nxd4 Nf4+ 40. gxf4 Rxd4+ 41. Ke3 Rxf4 42. Nf3 Bf6 43. Rfd1 Rfc4 44. c3 Rg4 45. Rc2 h4 46. Rh1 Rgc4 47. Rg1 Rc7 48. Nd2 R4c6 49. Ne4 b5 50. Rg4 Be7 51. Rd2 b4 52. axb4 axb4 53. cxb4 Rb6 54. Ng5 Rxb4 55. Nf7+ Kg8 56. Nxe5 Rxg4 57. Nxg4 Bg5+ 58. f4 Rc4 59. fxg5 Rxg4 60. Rh2 Kf7 61. Kf3 Rb4 62. Rc2 Kg6 63. Rc5 Rxb2 64. Kg4 Rb4+ 65. Kh3 Kh5 66. Re5 Rb3+ 67. Kh2 g6 0-1